| 000 | 00579nam a2200241 a 4500 | ||
|---|---|---|---|
| 001 | nice12345678 | ||
| 003 | IN_TiNIC | ||
| 005 | 20260116011520.0 | ||
| 008 | 050524s1891 lona grp 000 0 eng | ||
| 020 |
_a _c100 |
||
| 082 | 0 | 0 |
_a939.73 _bCHU |
| 100 | _aChurch, A J | ||
| 245 | _aCarthage Or the Empire of Africa | ||
| 260 |
_aLondon _bG.P. Putnam`s Sons _c1891 |
||
| 300 | _a309p | ||
| 500 | _aincludes index and biblioraphy | ||
| 505 | 2 | _aIndex, Illus | |
| 650 | _aCarthage-History | ||
| 700 | 1 | _aChurch, A J | |
| 902 | _bSRS | ||
| 942 | _cBK | ||
| 999 |
_c2211 _d2211 |
||